01940nam a22003137a 4500003000900000005001700009007000300026008004100029020001800070040002500088082001300113110007000126245029300196260003300489300002700522500046600549590002801015650005301043700004901096700005001145700004501195700004201240710006901282910001401351942001401365952011201379952011801491999001701609DO-SdBNP20250221073755.0ta110322s2019 dr d 000 0 spa d a9789945917888 aDO-SdBNPbspacBNPHU axxxbxxx1 aRepública Dominicana.bOficina Nacional de Estadísticas9231910aCabalidad en las respuestas a las preguntas censales en la República Dominicana :bel caso de los censos nacionales de población y vivienda de 2002 y 2010 /celaboración Francisco I. Cáceres Ureña, Darío Antonio López Villar, Mercedes Reyes Victoriano, Jhensy Sandoval Moran aSanto Domingo :bONE,c2019. a56 p. :bgraf.c28 cm. aObjetivo: Conocer la cabalidad de las respuestas registradas en cada una de las variables integrantes de las boletas correspondientes al VIII Censo Nacional de Población y Vivienda 2002 y del IX Censo Nacional de Población y Vivienda 2010, con el propósito de producir insumos para orientar el proceso de capacitación al personal contratado para la recolección de los datos, así como para justificar la inclusión o no de determinadas variables.  aInventariado, 2022 / YL aRepública DominicanaxCensos - manuales98113812aCáceres Ureña, Francisco I.eelab.9769512aLópez Villar, Darío Antonioeelab.98181012aReyes Victoriano, Mercedeseelab.98181112aSandoval Moran, Jhensy eelab.9818121 aRepública Dominicana.bOficina Nacional de Estadística95775 aYLockward 2ddccLBS1 00102ddc51708PDaBNPHUbBNPHUcHDd2019-12-13eONEl0oxxx xxxp2022-2840r2022-06-08w2022-06-08yLBS1 00102ddc51708PDaBNPHUbBNPHUcHDd2019-12-13eONEl0oxxx xxxp2022-2841r2022-06-08te. 2w2022-06-08yLBS1 c51972d51972